banner-ar

تاريخ الازياء العربية : (Record no. 65939)

MARC details
000 -الفاتح
حقل البيانات ثابتة الطول 01374nam a22002897a 4500
005 - وقت وتاريخ اخر تعامل مع التسجيلة
رقم الضبط 20240530110851.0
008 - عناصر البيانات ثابتة الطول - معلومات عامة
حقل البيانات ثابتة الطول 200912s2019 ua a f b 000 0dara d
017 ## - رقم الايداع القانونى
المصدر ( الهيئة المختصة) مصر. دار الكتب
020 ## - الرقم الدولى المعيارى للكتب
الرقم الدولى المعيارى للكتاب 9789948388661
040 ## - مصدر الفهرسة
وكالة الفهرسة الأصلية EG-CaGPL
وكالة النسخ EG-CaGPL
082 04 - رقم تصنيف ديوى العشرى
رقم الطبعة 21
رقم التصنيف 746.92\
رقم المادة س ت
100 1# - المدخل الرئيسى - إسم شخصى
الإسم الشخصى ستيلمان ، يديدا كالفون
245 10 - بيان العنوان
العنوان تاريخ الازياء العربية :
بقية العنوان منذ فجر الاسلام الى العصر الحديث /
بيان المسئوليه,etc تاليف يديدا كالفون ستيلمان ؛ تحرير نورمان ستيلمان ؛ ترجمة صديق محمد جوهر ؛ مراجعة عمر الايوبى
250 ## - بيان الطبعة
بيان الطبعة ط.2
260 ## - PUBLICATION, DISTRIBUTION, ETC. (IMPRINT)
تاريخ النشر أو التوزيع 2019
300 ## - الوصف المادى
التعداد 313 ص. ؛
أبعاد الوعاء 24 سم.
504 ## - تبصرة ببليوجرافية
تبصرة ببليوجرافية,الخ يشتمل على ارجاعات ببليوجرافية
650 07 - المدخل الاضافى بالموضوع-مصطلح موضوعى
مصطلح موضوعي الازياء العربية
التقسيم الفرعي العام تاريخ
مصدر الرأس أو المصطلح qrmak
650 07 - المدخل الاضافى بالموضوع-مصطلح موضوعى
مصطلح موضوعي الملابس العربية
التقسيم الفرعي العام تاريخ
التقسيم الفرعي الزمني عصر صدر الاسلام
مصدر الرأس أو المصطلح qrmak
650 07 - المدخل الاضافى بالموضوع-مصطلح موضوعى
مصطلح موضوعي الملابس العربية
التقسيم الفرعي العام تاريخ
التقسيم الفرعي الزمني العصر الحديث
مصدر الرأس أو المصطلح qrmak
651 ## - المدخل الاضافى بالموضوع - اسم جغرافى
مصدر الرأس أو المصطلح qrmak
700 0# - المدخل الاضافى - اسم شخصى
الإسم الشخصى صديق محمد جوهر
الدور مترجم
700 0# - المدخل الاضافى - اسم شخصى
الإسم الشخصى نورمان ستيلمان
الدور محرر
700 0# - المدخل الاضافى - اسم شخصى
الإسم الشخصى عمر الايوبى
الدور مراجع
942 ## - عناصر المدخل الإضافي( كوها)
مصدر التصنيف او مخطط الترفيف Dewey Decimal Classification
Koha [default] item type كتاب
260 ## - PUBLICATION, DISTRIBUTION, ETC. (IMPRINT)
-- ابوظبى :
-- دائرة الثقافة والسياحة ، كلمة،
Holdings
حالة التراجع حالة الفقد حالة تلف ليس للاعارة المكان المؤقت الموقع الحالى موقع الترفيف تاريخ الاكتساب اجمالي اﻻعارات رقم الطلب الباركود تاريخ اخر مشاهدة تاريخ تفعيل السعر نوع وعاء كوها
        مكتبة القاهرة الكبرى مكتبة القاهرة الكبرى   11/29/2020   746.92\ س ت 167062 11/29/2020 11/29/2020 كتاب

Powered By

EGPV